Statistics for Playboi Carti Tracklist (Playboi Carti)

Click here to take the quiz!

General Stats

  • This quiz has been taken 36 times
  • The average score is 12 of 15

Answer Stats

HintAnswer% Correct
2Magnolia
100%
1Location
93%
7New Choppa
89%
4wokeuplikethis*
89%
10dothatshit!
86%
13Flex
86%
14Kelly K
82%
6Half & Half
79%
3Lookin
79%
9NO. 9
79%
8Other Shit
79%
15Had 2
75%
11Lame Niggaz
71%
12Yah Mean
71%
5Let It Go
64%

Score Distribution

Percentile by Number Answered

Percent of People with Each Score

Your Score History

You have not taken this quiz